000 01310nam a2200397 c 4500
001 52410
003 ES-MaCES
005 20250203133958.0
008 220801s2022 sp o000 ||spa d
017 _aM 10126-2022
_bDL
020 _a9788480084154
024 _a140-22-004-8
_2nipo
040 _aES-MaCES
_bspa
_cES-MaCES
100 1 _926519
_aZapico Goñi, Eduardo
245 1 0 _aPresupuesto y evaluación del gasto público
_b: de la competición a la colaboración
_cEduardo Zapico Goñi
260 _aMadrid
_bInstituto de Estudios Fiscales
_c2022
300 _a222 p.
_c24 cm
490 1 _aEstudios de hacienda pública
504 _aBibliografía: p. 189-199
541 _cCompra
650 4 _apresupuesto
_928276
650 4 _agasto público
_928076
650 4 _aasignación de recursos
_927024
650 4 _adistribución del gasto
_930938
650 4 _apolítica presupuestaria
_930829
650 4 _aadministración financiera
_927208
650 4 _aEspaña
_926964
650 4 _ainternacional
_926674
650 4 _aestudio de casos
_928846
650 4 _aevaluación
_928893
653 1 0 _aHacienda Pública
710 2 _aInstituto de Estudios Fiscales (Madrid)
_eed.
_94158
830 0 _aEstudios de hacienda pública
_932240
902 _aLIB Libro
942 _2CES
_cBK
_h0.1.
999 _c52410
_d52410